000 00207nam a22000857a 4500
008 170130b xxu||||| |||| 00| 0 eng d
100 _92658
_aAggarwal.R.N
245 _aBiology Lab-8
260 _aNew delhi
_bAP
_c2010
999 _c5814
_d5814